{"text_format":"3","workbook":"xlsx","n_sheets":2,"sheets":["RTWJRWK","清单明细"],"not_rendered":{"external_links":1,"defined_names":5},"read":"whole","date_system":"1900"}

{"sheet":"RTWJRWK","index":0,"n_rows":0,"n_cols":0,"rows_kept":0,"hidden":true}

{"sheet":"清单明细","index":1,"n_rows":57,"n_cols":10,"rows_kept":57,"merged":[[0,0,1,9],[26,0,26,5],[54,0,54,5],[55,0,55,5],[56,0,56,9]]}
["芦山县睿进矿产资源开发有限公司砂石加工厂建设项目（第二次）设计、采购、施工总承包 \n控制柜AA5/AA9采购报价单"]
[]
["序号","名称","型号规格 ","单位","数量","含税控制单价(元)"," 含税控制总价(元)","供应商报价单价（元）","供应商报价总价（元）","备  注"]
[1,"低压配电柜 AA5",null,"台",1," "," ",null,null," "]
[1,"隔离开关","NH40-1000/3","只",1,{"v":1442,"d":"1442.00"},{"$f":"E5*F5","v":{"v":1442,"d":"1442.00"}},null,null,"正泰"]
[2,"电流互感器","BH-0.66 500/5 0.5级","只",3,{"v":51,"d":"51.00"},{"$f":"E6*F6","v":{"v":153,"d":"153.00"}},null,null,"国产优质"]
[3,"多功能表","NKL194E-AS4","只",1,{"v":321,"d":"321.00"},{"v":321,"d":"321.00"},null,null,"安科瑞"]
[4,"塑壳断路器","NXM-250S/3300 100A","只",7,{"v":285,"d":"285.00"},{"v":1995,"d":"1995.00"},null,null,"正泰"]
[5,"塑壳断路器","NXM-63/3P D25A","只",1,{"v":134,"d":"134.00"},{"v":134,"d":"134.00"},null,null,"正泰"]
[6,"软启动器","CMC-055/3-LX","只",5,{"v":4188,"d":"4188.00"},{"v":20940,"d":"20940.00"},null,null,"西安西驰"]
[7,"接触器","NXC-120/22 220V","只",7,{"v":730,"d":"730.00"},{"v":5110,"d":"5110.00"},null,null,"正泰"]
[8,"接触器","NXC-6511 220V","只",1,{"v":268,"d":"268.00"},{"v":268,"d":"268.00"},null,null,"正泰"]
[9,"热继电器","NR4-180/F 90~120A","只",5,{"v":172,"d":"172.00"},{"v":860,"d":"860.00"},null,null,"正泰"]
[10,"热继电器","NR4-180/F 48~65A","只",2,{"v":172,"d":"172.00"},{"v":344,"d":"344.00"},null,null,"正泰"]
[11,"热继电器","NXR-100 12~18A","只",1,{"v":76,"d":"76.00"},{"v":76,"d":"76.00"},null,null,"正泰"]
[12,"微型断路器","NXB-63/2P D10A","只",1,{"v":22,"d":"22.00"},{"v":22,"d":"22.00"},null,null,"正泰"]
[13,"中间继电器","JZX-22FD/2Z AC220V","只",10,{"v":37,"d":"37.00"},{"v":370,"d":"370.00"},null,null," "]
[14,"信号灯","AD11-22/21 AC220V","只",16,{"v":9,"d":"9.00"},{"v":144,"d":"144.00"},null,null," "]
[15,"按钮","LA38-11","只",16,{"v":9,"d":"9.00"},{"v":144,"d":"144.00"},null,null," "]
[16,"端子","TC-100/5","节",5,{"v":14,"d":"14.00"},{"v":70,"d":"70.00"},null,null," "]
[17,"铜芯线","BVR-6","米",24,{"v":7,"d":"7.00"},{"v":168,"d":"168.00"},null,null," "]
[18,"铜排","TMY-60*6","米",4,{"v":386,"d":"386.00"},{"v":1544,"d":"1544.00"},null,null," "]
[19,"铜排","TMY-20*3","米",15,{"v":65,"d":"65.00"},{"v":975,"d":"975.00"},null,null," "]
[20,"零地排","TMY-30*4","米",1.5,{"v":130,"d":"130.00"},{"v":195,"d":"195.00"},null,null," "]
[21,"辅材 ","具体详见图纸","项",1,{"v":525,"d":"525.00"},{"v":525,"d":"525.00"}]
[22,"箱(柜)体费","800*800*2000","台",1,{"v":2118,"d":"2118.00"},{"v":2118,"d":"2118.00"}]
["小计",{"$nulls":5},{"$f":"SUM(G5:G26)","v":{"v":37918,"d":"37918.00"}},"/"]
[2,"低压配电柜 AA9",null,"台",1," "," ",null,null," "]
[1,"隔离开关","NH40-1000/3","只",1,{"v":1442,"d":"1442.00"},{"$f":"E29*F29","v":{"v":1442,"d":"1442.00"}},null,null,"正泰"]
[2,"电流互感器","BH-0.66 40Ⅰ 500/5A 0.5级","只",3,{"v":51,"d":"51.00"},{"$f":"E30*F30","v":{"v":153,"d":"153.00"}},null,null,"国产优质"]
[3,"电流互感器","BH-0.66 30Ⅰ 200/5A 0.5级","只",4,{"v":51,"d":"51.00"},{"v":204,"d":"204.00"},null,null,"国产优质"]
[4,"多功能表","NKL194E-AS4","只",1,{"v":321,"d":"321.00"},{"v":321,"d":"321.00"},null,null,"安科瑞"]
[5,"塑壳断路器","NXM-250S/3300 200A","只",4,{"v":295,"d":"295.00"},{"v":1180,"d":"1180.00"},null,null,"正泰"]
[6,"塑壳断路器","NXM-63/3P D25A","只",2,{"v":138,"d":"138.00"},{"v":276,"d":"276.00"},null,null,"正泰"]
[7,"塑壳断路器","NXM-63/3P D63A","只",3,{"v":138,"d":"138.00"},{"v":414,"d":"414.00"},null,null,"正泰"]
[8,"微型断路器","NXB-63/3P D16A","只",2,{"v":34,"d":"34.00"},{"v":68,"d":"68.00"},null,null,"正泰"]
[9,"变频器","GD200-090G/110P-4 电机75KW","只",2,{"v":19746,"d":"19746.00"},{"v":39492,"d":"39492.00"},null,null,"英威腾"]
[10,"变频器","GD200-075G/090P-4 电机55KW","只",2,{"v":17323,"d":"17323.00"},{"v":34646,"d":"34646.00"},null,null,"英威腾"]
[11,"接触器","NXC-6511 220V","只",5,{"v":268,"d":"268.00"},{"v":1340,"d":"1340.00"},null,null,"正泰"]
[12,"接触器","NXC-1810 220V","只",2,{"v":58,"d":"58.00"},{"v":116,"d":"116.00"},null,null,"正泰"]
[13,"热继电器","NXR-100 18~33A","只",3,{"v":96,"d":"96.00"},{"v":288,"d":"288.00"},null,null,"正泰"]
[14,"热继电器","NXR-25 12~18A","只",4,{"v":41,"d":"41.00"},{"v":164,"d":"164.00"},null,null,"正泰"]
[15,"微型断路器","NXB-63/2P D10A","只",1,{"v":22,"d":"22.00"},{"v":22,"d":"22.00"},null,null,"正泰"]
[16,"中间继电器","JZX-22FD/2Z AC220V","只",8,{"v":37,"d":"37.00"},{"v":296,"d":"296.00"},null,null," "]
[17,"信号灯","AD11-22/21 AC220V","只",22,{"v":9,"d":"9.00"},{"v":198,"d":"198.00"},null,null," "]
[18,"按钮","LA38-11","只",22,{"v":9,"d":"9.00"},{"v":198,"d":"198.00"},null,null," "]
[19,"端子","TC-200/4","节",4,{"v":44,"d":"44.00"},{"v":176,"d":"176.00"},null,null," "]
[20,"端子","TC-25/4","节",7,{"v":14,"d":"14.00"},{"v":98,"d":"98.00"},null,null," "]
[21,"铜芯线","BVR-6","米",15,{"v":7,"d":"7.00"},{"v":105,"d":"105.00"},null,null," "]
[22,"铜排","TMY-60*6","米",4,{"v":386,"d":"386.00"},{"v":1544,"d":"1544.00"},null,null," "]
[23,"铜排","TMY-20*3","米",18,{"v":65,"d":"65.00"},{"v":1170,"d":"1170.00"},null,null," "]
[24,"零地排","TMY-30*4","米",1.5,{"v":130,"d":"130.00"},{"v":195,"d":"195.00"},null,null," "]
[25,"辅材 ","具体详见图纸","项",1,{"v":525,"d":"525.00"},{"v":525,"d":"525.00"}]
[26,"箱(柜)体费","800*800*2000","台",1,{"v":2118,"d":"2118.00"},{"v":2118,"d":"2118.00"}]
["小计",{"$nulls":5},{"$f":"SUM(G29:G54)","v":{"v":86749,"d":"86749.00"}},"/"]
["合计",{"$nulls":5},{"$f":"G27+G55","v":{"v":124667,"d":"124667.00"}},"/"]
["备注：\n1.上述“/”处，供应商无需填写。\n2.上述控制价为含税到场价，税率为13%。\n3.上述配电柜的品牌均参考设计图纸。\n4.供应商含税单价报价不得超过采购人含税控制单价，供应商含税合计报价不得超过采购人含税控制价合计，税率均为13%。\n5.供应商报价为运至采购人指定交货地点的价格，报价保留小数点后 2 位（小数点后第三位四舍五入），所有价格均用人民币表示，单位为元。\n6.项目负责人姓名                         手机号：                 \n  \n  身份证号码：                          \n                             \n                                                                                      供应商：         （单位公章） \n                                                                                      \n                                                                                法定代表人或其委托代理人：        （签字或盖章）\n                                                                                      \n                                                                                      年   月   日"]